000 00563 a2200181 4500
999 _c6844
_d6844
020 _a1578511445
050 0 0 _aHD 69.B7 HAV 1999
110 _aHarvard Business School Press
245 0 0 _aHarvard business review on brand management /
_cHarvard Business School
264 _aU.S.A. :
_bHarvard Business School Press,
_c1999
300 _a204 p. :
_bill.
440 4 _aThe Harvard business review paperback series
500 _aIncludes index
500 _aIncludes index
650 0 _aBrand name products
942 _2lcc
_cBK
_h69.B7
_iHAV
_kHD